header

Young masculinities (Record no. 168455)

MARC details
000 -LEADER
fixed length control field 01332nam a2200349Ia 4500
082 04 - DEWEY DECIMAL CLASSIFICATION NUMBER
Classification number 305.23508351
100 1# - MAIN ENTRY--AUTHOR NAME
Personal name Frosh, Stephen.
245 10 - TITLE STATEMENT
Title Young masculinities
260 ## - PUBLICATION, DISTRIBUTION, ETC. (IMPRINT)
Place of publication Basingstoke :
Name of publisher Palgrave,
Year of publication 2002.
300 ## - PHYSICAL DESCRIPTION
Number of Pages viii, 291 p.
650 #0 - SUBJECT ADDED ENTRY--TOPICAL TERM
Topical Term Young men
Topical Term Teenage boys
Topical Term Masculinity
700 1# - ADDED ENTRY--PERSONAL NAME
Personal name Phoenix, Ann.
Personal name Pattman, Rob.
856 40 - ELECTRONIC LOCATION AND ACCESS
Uniform Resource Identifier http://site.ebrary.com/lib/rucke/Doc?id=10041641

No items available.

© 2026 Rongo University
Contact us: librarian | system librarian | Rongo university